000 00920cam a2200241 4500
001 WB3543-28
008 000000n1999 000 0 eng u
035 _a(Sirsi) u101531
245 _aLuxury comes cheaper
260 _c1999
490 _aFinancial Times
_v5 November 1999, 12(1)
520 _aReviews the Japanese property market which is still in recession. Land prices have been declining for eight years and are still going down now that the shake up of the banking system is forcing companies to dispose of underperforming assets in an attempt to clean up their balance sheets.
590 _aWB
650 _aJAPAN
650 _aPROPERTY MARKET
650 _aREAL ESTATE MARKET
650 _aPROPERTY-COMMERCIAL PROPERTY-COMMERCIAL PROPERTY MARKET
650 _aRESIDENTIAL PROPERTY MARKET
650 _aLAND VALUES
650 _aRECESSION
690 _aOVERSEAS-REST OF THE WORLD
942 _n0
999 _c60663
_d60663